00494nam a2200145Ia 4500008004100000020001800041041000800059082001800067100005600085245012500141250000600266260004200272300001100314650002300325210716s9999 xx 000 0 und d a9781422134818 aeng a658.4063 DYEJ aDyer, Jeff; Gregersen, Hal; Christensen, Clayton M. aInnovators DNA: mastering the five skills of disruptive innovators.bMastering the five skills of disruptive innovators. a1 aBostonbHarvard Business School Press avi,296 aGeneral Management